The science fair from the Black Lagoon / (Record no. 3096)

MARC details
000 -LEADER
fixed length control field 01679cam a22003733a 4500
001 - CONTROL NUMBER
control field 3096
003 - CONTROL NUMBER IDENTIFIER
control field FISKH
005 - DATE AND TIME OF LATEST TRANSACTION
control field 20250409112132.0
008 - FIXED-LENGTH DATA ELEMENTS--GENERAL INFORMATION
fixed length control field 040428s2004 nyua j 000 1 eng d
010 ## - LIBRARY OF CONGRESS CONTROL NUMBER
LC control number 2004596604
020 ## - INTERNATIONAL STANDARD BOOK NUMBER
International Standard Book Number 0439557178 (pbk.)
020 ## - INTERNATIONAL STANDARD BOOK NUMBER
International Standard Book Number 9780439557177
035 ## - SYSTEM CONTROL NUMBER
System control number (OCoLC)ocm55042600
040 ## - CATALOGING SOURCE
Original cataloging agency XWS
Transcribing agency XWS
Modifying agency OCLCQ
-- DLC
Language of cataloging eng
042 ## - AUTHENTICATION CODE
Authentication code lccopycat
050 ## - LIBRARY OF CONGRESS CALL NUMBER
Classification number PZ7.T3
082 ## - DEWEY DECIMAL CLASSIFICATION NUMBER
Classification number 813
100 1# - MAIN ENTRY--PERSONAL NAME
Personal name Thaler, Mike,
Dates associated with a name 1936-
245 14 - TITLE STATEMENT
Title The science fair from the Black Lagoon /
Statement of responsibility, etc. by Mike Thaler ; illustrated by Jared Lee.
250 ## - EDITION STATEMENT
Edition statement This edition first printing, January 2009.
260 ## - PUBLICATION, DISTRIBUTION, ETC.
Place of publication, distribution, etc. New York :
Name of publisher, distributor, etc. Scholastic,
Date of publication, distribution, etc. 2004.
300 ## - PHYSICAL DESCRIPTION
Extent 64 pages :
Other physical details illustrations ;
Dimensions 20 cm.
490 0# - SERIES STATEMENT
Series statement Black Lagoon adventures ;
Volume/sequential designation Book 4
505 ## - FORMATTED CONTENTS NOTE
Formatted contents note Q<br/>
520 ## - SUMMARY, ETC.
Summary, etc. Mean Mrs. Green says that everyone has to invent something for the school science fair. But everyone would rather invent a way to get out of it! Hubie can't decide on what he's going to do. He thinks all the good inventions have been done already. And all of his friends have figured out what they are going to do. He tries to decide between cloning himself or building a laugh machine. After a bad dream about cloning, he decides to build a laugh machine. After many tries, he makes himself into a human laugh machine and wins a special prize for "Silliest Invention."
521 8# - TARGET AUDIENCE NOTE
Target audience note 670<br/>
Source Lexile<br/>
521 8# - TARGET AUDIENCE NOTE
Target audience note Q<br/>
Source Raz-Plus<br/><br/>
650 #0 - SUBJECT ADDED ENTRY--TOPICAL TERM
Topical term or geographic name entry element Science fairs
Form subdivision Fiction.
655 #7 - INDEX TERM--GENRE/FORM
Genre/form data or focus term Fantasy fiction.
Source of term gsafd
655 #7 - INDEX TERM--GENRE/FORM
Genre/form data or focus term Adventure fiction.
Source of term gsafd
700 1# - ADDED ENTRY--PERSONAL NAME
Personal name Lee, Jared D.
Relator term illustrator
906 ## - LOCAL DATA ELEMENT F, LDF (RLIN)
a 7
b cbc
c copycat
d 2
e ncip
f 20
g y-genrareb
942 ## - ADDED ENTRY ELEMENTS (KOHA)
Source of classification or shelving scheme Dewey Decimal Classification
Koha item type Books
Suppress in OPAC No
Holdings
Withdrawn status Lost status Source of classification or shelving scheme Damaged status Not for loan Collection Home library Current library Shelving location Date acquired Total Checkouts Full call number Barcode Date last seen Price effective from Koha item type Date last checked out Copy number
    Dewey Decimal Classification     Juvenile Fiction Footprints International School Library Network Toul Kork Campus Footprints International School Library Network Toul Kork Campus TK Primary Library Room(4th Floor), Bookcase 5&6, Shelves 33-56, Orange Books 02/05/2024   THA Fic PZ7.T3 FISTK00215 02/05/2024 02/05/2024 Books    
    Dewey Decimal Classification     Juvenile Fiction Footprints International School Library Network Toul Tom Poung Campus Footprints International School Library Network Toul Kork Campus TTP Primary Orange Bookshelves 04/09/2025 1 THA Fic PZ7.T3 2025-1017 04/28/2025 04/09/2025 Books 04/21/2025 2